| 000 | 00514nam a2200193Ia 4500 | ||
|---|---|---|---|
| 003 | GCL | ||
| 008 | 140319s9999 xx 000 0 eng d | ||
| 040 |
_aGCL / _cGCL |
||
| 082 | 0 | 4 |
_a938 _bO A |
| 100 | 1 | _aO'BRIEN, JOHN MAXWELL | |
| 245 | 1 | 0 |
_aALEXANDER THE GREAT:THE INVISIBLE ENEMY, A BIOGRAPHY / _cO'BRIEN, JOHN MAXWELL |
| 260 |
_a[S.N] : _bROUTLEDGE ، _c1994 |
||
| 300 | _a336 P | ||
| 650 | 0 | 4 | _aEGYPT |
| 650 | 0 | 4 | _aATHENS |
| 650 | 0 | 4 | _aMACEDONIA |
| 650 | 0 | 4 | _aALEXANDER 1, 1801 - 1825 |
| 942 |
_2ddc _cBK |
||
| 999 |
_c17747 _d17747 |
||